000 00677nam a2200217Ii 4500
003 JO-AjNU
008 230605s9999||||xx |||||||||||||| ||und||
017 _a2006/6/1408
040 _aJO-AjNU
_bara
_erda
_cJO-AjNU
041 _aara
050 1 4 _aPJ7826.H63.A15 2006
100 3 _aتأليف غيشان،يوسف,
_eauthor
_923434
245 0 0 _aمؤخرة إبن خلدون: كتابات ساخرة
250 _aط1
264 3 1 _aعمان:دار نارة للنشر والتوزيع،2006
300 _a120ص
336 _atext
_btxt
_2rdacontent
337 _aunmediated
_bn
_2rdamedia
338 _avolume
_bnc
_2rdacarrier
650 4 _aالأدب العربي
_923435
999 _aA8477
_c12045
_d12045